|
|
|
|
| LEADER |
01174nam a2200277 u 4500 |
| 001 |
10030781 |
| 003 |
upatras |
| 005 |
20210117210049.0 |
| 008 |
991029s1994 uk eng |
| 020 |
|
|
|a 0521421012
|
| 040 |
|
|
|a GR-PaULI
|c GR-PaULI
|
| 041 |
0 |
|
|a eng
|
| 082 |
0 |
4 |
|a 362.196 831
|
| 100 |
1 |
|
|a Hamilton, Heidi Ehernberger
|9 58110
|
| 245 |
1 |
0 |
|a Conversations with an Alzheimer's patient
|b an interactional sociolinguistic study
|c Heidi Ehernberger Hamilton
|
| 260 |
|
|
|a Cambridge
|a New York
|b Cambridge University Press
|c 1994
|
| 300 |
|
|
|a xii, 184 p.
|b fig.
|c 24 cm.
|
| 504 |
|
|
|a Includes bibliographical references and index
|
| 650 |
|
4 |
|a Νόσος του Alzheimer
|9 32784
|
| 650 |
|
4 |
|a Ψυχογλωσσολογία
|9 713
|
| 650 |
|
4 |
|a Κοινωνιολογία
|x Ιατρική
|9 8919
|
| 852 |
|
|
|a GR-PaULI
|b ΠΑΤΡΑ
|b ΒΚΠ
|b ΒΣ1
|k ΑΣΧΞ
|h 362.196 831 H
|m 052086
|p 025000067951
|t 1
|
| 942 |
|
|
|2 ddc
|c BK15
|
| 952 |
|
|
|0 0
|1 0
|4 0
|6 362_196000000000000_831_H
|7 0
|9 200185
|a LISP
|b LISP
|c BSC
|d 2016-04-24
|i 052086
|l 3
|m 3
|o 362.196 831 H
|p 025000067951
|r 2023-05-16 00:00:00
|s 2023-04-05
|t 1
|w 2016-04-24
|y BK15
|
| 998 |
|
|
|c ΠΑΝΑΓΟΠΟΥΛΟΥ
|d 1999-11
|
| 999 |
|
|
|c 122674
|d 122674
|